LEADER 01869nam 2200421Ia 450 001 996395386403316 005 20210104171442.0 035 $a(CKB)3810000000017668 035 $a(EEBO)2240905557 035 $a(OCoLC)ocn751970556e 035 $a(OCoLC)751970556 035 $a(EXLCZ)993810000000017668 100 $a20110912d1612 uy 0 101 0 $aeng 135 $aurbn||||a|bb| 200 10$aBy the King$b[electronic resource] $eWhereas on Munday last a notorious murther hath bene committed vpon the person of one Turnor, by Robert Carlisle a Scottish borderer, and one Erwin and English borderer being in his company .. 210 $aImprinted at London $cby Robert Barker, Printer to the Kings most Excellent Maiestie.$danno Dom. 1612. 215 $a[2] leaves $ccoat of arms 300 $aTitle taken from caption and first lines of text. 300 $aHeadpiece, royal coat of arms, initial. 300 $a"Giuen at White-Hall the thirteenth day of May, in the tenth yeere of our raigne of England, France, and Ireland, and of Scotland the fiue and fortieth." --Leaf [2]. 300 $aOffering rewards for the arrest of Lord Sanquhar and R. Carlisle for murder. 300 $aImperfect: tightly bound with slight loss of text. 300 $aReproduction of original in: Queen's College (University of Oxford). Library. 330 $aeebo-0119 606 $aMurder$zEngland$vEarly works to 1800 607 $aGreat Britain$xHistory$yJames I, 1603-1625$vEarly works to 1800 608 $aBroadsides$zEngland$y17th century.$2rbgenr 608 $aProclamations$zEngland$y17th century.$2rbgenr 615 0$aMurder 701 $aJames$cKing of England,$f1566-1625.$01001019 801 0$bUMI 801 1$bUMI 801 2$bUMI 906 $aBOOK 912 $a996395386403316 996 $aBy the King$92299281 997 $aUNISA